000
00321nam a22001457a 4500
008
230207b ||||| |||| 00| 0 eng d
020
_a
9780321523037
041
_a
eng
080
_2
2ND EDITION
_a
51
082
_a
51
100
_a
20
101
_a
MATEM
245
_a
INTRODUCTORY ALGEBRA
_c
BRAGG S
942
_2
udc
_c
BK
999
_c
59326
_d
59326